Największe miasta w województwie dolnośląskim zawierające literę - Statystyki

Ogólne statystyki
  • Ten quiz został rozwiązany 150 razy
  • Średni wynik to 23 z 30
Statystyki odpowiedzi
Litera Miasto % Poprawnych
A Wrocław
100%
C Wrocław
100%
Ł Wrocław
100%
O Wrocław
100%
R Wrocław
100%
W Wrocław
100%
E Legnica
93%
G Legnica
93%
I Legnica
93%
L Legnica
93%
N Legnica
93%
B Wałbrzych
92%
H Wałbrzych
92%
Y Wałbrzych
92%
Z Wałbrzych
92%
J Jelenia Góra
86%
Ó Jelenia Góra
86%
U Lubin
79%
D Świdnica
74%
Ś Świdnica
74%
K Kłodzko
69%
Ż Dzierżoniów
64%
S Bolesławiec
58%
P Polkowice
53%
Ą Ząbkowice Śląskie
43%
Ń Lubań
39%
M Kamienna Góra
34%
T Strzegom
30%
Ę Ziębice
17%
F Gryfów Śląski
16%
Nie znaleziono quizów pasujących do podanych kryteriów
Rozkład punktacji
Procent ludzi z każdym wynikiem
Percentyl według liczby udzielonych odpowiedzi
Twoja historia wyników
Nie rozwiązałeś tego quizu